000 01007cam a2200301 i 4500
001 18173022
003 ARRUPE
005 20150930151102.0
008 140602s2013 ie a b 001 0deng
010 _a 2014407188
020 _a9781856077477 (pbk.)
020 _a9781856078108 (hbk.)
040 _aDLC
_beng
_erda
_cDLC
042 _apcc
043 _ae-ie---
050 0 0 _aBX3750.S9M883 2013
100 1 _aMorrissey, Thomas J.
_913962
245 1 0 _aWhere two traditions meet :
_bJohn Sullivan, SJ, 1861-1933 /
_cThomas J. Morrissey.
250 _aRevised edition.
260 _aDublin
_bThe Columbia Press
_c2013
300 _a128 pages. :
_billustrations ;
_c22 cm
504 _aIncludes bibliographical references and index.
600 1 0 _aSullivan, John,
_d1861-1933.
_913963
650 0 _aCatholics
_zIreland
_vBiography.
_913964
906 _a7
_bcbc
_corigcop
_d2
_encip
_f20
_gy-gencatlg
942 _2lcc
_cMONOGRAPH
999 _c121672
_d121672